01561pab a2200169 454500008004000000100002500040245008500065260000900150300001100159362000800170520101100178650002001189773005101209909001001260999001701270952010401287180718b2000 xxu||||| |||| 00| 0 eng d aMangoud, Abdallah M. aEstablishing a health promoting setting: an experience in an Albanian polyclinic c2000 ap.1-20 aJan aA "health promoting polyclinic" based on the "health promoting setting concept" has been developed in Tirana, the capital of Albania. This paper discusses the implementation and intervention of the project, whereas the final evaluation results will be presented in another article. An important aspect of the whole program is the training of the administrators and staff members in the necessary skills relating to their allocated roles, such as creating a healthy environment, health education, out-reach activities and total quality management. In this approach the International Relief Organization (IRO) acting as an external agent took the initiative of enabling, mediating and advocating, as well as providing support for the polyclinic's staff and its clients. The model appears to be effective in promoting health at the secondary health care level (the polyclinic). This may encourage health planners to adopt a similar concept at other settings i.e. general or specialized hospitals. - Reproduced aHealth services aInternational Journal of Public Administration a44472 c44472d44472 00104070aIIPAbIIPAd2018-07-19hVolume no: 23, Issue no: 1pAR44882r2018-07-19w2018-07-19yAR